| 000 | 00551nam a2200229Ia 4500 | ||
|---|---|---|---|
| 005 | 20251020182448.0 | ||
| 008 | 200515s9999 xx 000 0 und d | ||
| 020 | _a3-8228-5883-8 | ||
| 082 | _a608.7:306/F49 | ||
| 100 | _aTASCHEN | ||
| 245 | 0 | _aDesigning the 21st Century : Design des 21. Jahrhunderts Le design du 21° sciècle | |
| 260 | _aColonia | ||
| 260 | _bTASCHEN | ||
| 260 | _c2001 | ||
| 300 | _a576 | ||
| 300 | _bil., tbl. | ||
| 500 | _a1 ejemplar | ||
| 650 | _aDISEÑO | ||
| 650 | _aSIGLO XXI | ||
| 942 | _cLIB | ||
| 999 |
_c757 _d757 |
||